000 00433nam a22001817a 4500
003 LK-CoDNM
005 20250116151052.0
008 250110b |||||||| |||| 00| 0 eng d
040 _aLK-CoDNM
_dLK-CoDNM
_eLK-CoDNM
041 _aeng
080 _a11
_bM4
245 _aDEPARMENT OF AGRICULTURAL CEYLON
_bNO 52
260 _c1922-23
300 _a67P. : ill ; 25 cm
490 _vVOLL 3
650 _aScience
942 _cBK
999 _c236577
_d236577